000 01214nam2a2200205 4500
001 RU\NLR\PER_A\002780311_000930
005 20250623210732.0
035 _a(NLR Aleph) 012110161
090 _a11936178
_c11936178
100 _a20191002d2019 |||y0rusy50 ca
101 0 _arus
102 _aRU
200 0 _a2019, № 2 (48)
210 _d2019
_aБ. м.
461 0 _1001RU\NLR\Per\554862
_12001#$aПроблемы биологии продуктивных животных$eбюллетень ВНИИ физиологии, биохимии и питания сельскохозяйственных животных РАСХН$eнаучно-теоретический журнал$fРос. акад. с.-х. наук$v2019, № 2 (48)
_92399373
_cБоровск
_d2007 -
_fРос. акад. с.-х. наук
_n[б. и.]
_oбюллетень ВНИИ физиологии, биохимии и питания сельскохозяйственных животных РАСХН : научно-теоретический журнал
_tПроблемы биологии продуктивных животных
_v2019, № 2 (48)
852 _aNLR
_jП14/796
942 _cISSUE
980 _aNB
980 _aRUSPER